000 00430nam a2200157 i 4500
001 21710
003 ES-MaACL
007 t|
008 021127s1975 sp ||||1| spa d
100 1 _aAlburquerque Pérez, Antonio.
_919435
245 1 0 _aPoesías /
_cAntonio Alburquerque Pérez.
260 _aMadrid :
_b[s.n.],
_c1975.
300 _a126 fol. ;
_c28 cm.
500 _aEjemplar multicop.
852 _aES-MaACL
_jE-9078
_bR.93483
999 _c21710
_d21710